[Event "Titled Tue 26th Aug Early"]
[Site "chess.com INT"]
[Date "2025.08.26"]
[Round "8"]
[White "Swayham, P Das"]
[Black "Miserendino, Alfredo"]
[Result "1-0"]
[WhiteTitle "CM"]
[WhiteElo "2047"]
[BlackElo "2032"]
[WhiteFideId "25611402"]
[BlackFideId "101800"]
[EventDate "2025.08.26"]

1. e4 c5 2. Nf3 e6 3. d4 cxd4 4. Nxd4 Bc5 5. Nb3 Bb6 6. g3 Ne7 7. Bg2 O-O 8. Qe2
f5 9. O-O fxe4 10. Bxe4 d5 11. Bg2 Nbc6 12. Be3 e5 13. Bxb6 Qxb6 14. Nc3 Be6 15.
Rad1 Rad8 16. Kh1 Kh8 17. f4 e4 18. Na4 Qc7 19. Nac5 Bg8 20. Qb5 b6 21. Na6 Qc8
22. c3 Nf5 23. Rfe1 Nce7 24. Nb4 Qe6 25. Nd4 Qh6 26. Kg1 Qg6 27. Nbc6 Nxc6 28.
Nxc6 Rde8 29. Ne5 Qe6 30. Qe2 Nd6 31. b3 b5 32. Qh5 Bf7 33. Nxf7+ Rxf7 34. Qxd5
Qxd5 35. Rxd5 Rf6 36. Re5 Rc8 37. Bxe4 Nxe4 38. R1xe4 h6 39. Re8+ Rxe8 40. Rxe8+
Kh7 41. Re5 a6 42. c4 bxc4 43. bxc4 Rc6 44. c5 Kg6 45. Kf2 Kf6 46. Ke3 a5 47.
Kd4 a4 48. Kc4 a3 49. Re3 Ra6 50. Kb5 Ra8 51. c6 g5 52. Kb6 gxf4 53. gxf4 Kf5
54. c7 Kxf4 55. Rxa3 Rxa3 56. c8=Q Rxa2 57. Qc4+ 1-0

[Event "Titled Tue 26th Aug Early"]
[Site "chess.com INT"]
[Date "2025.08.26"]
[Round "8"]
[White "Banzea, Alexandru-Bogdan"]
[Black "Babiarz, Arkadiusz"]
[Result "1-0"]
[WhiteTitle "IM"]
[BlackTitle "CM"]
[WhiteElo "2394"]
[BlackElo "2172"]
[WhiteFideId "1232622"]
[BlackFideId "21804362"]
[EventDate "2025.08.26"]

1. d4 Nf6 2. Nc3 d5 3. Bf4 a6 4. e3 e6 5. Bd3 Bb4 6. Nf3 c5 7. dxc5 Qa5 8. O-O
Bxc3 9. bxc3 Qxc5 10. a4 O-O 11. c4 Nc6 12. Bg3 Rd8 13. cxd5 Qxd5 14. Bh4 e5 15.
Bxf6 gxf6 16. e4 Qc5 17. Nh4 Ne7 18. g3 Be6 19. Qh5 Ng6 20. Nf5 Bxf5 21. Qxf5
Qc6 22. a5 Kh8 23. Rab1 Ne7 24. Qf3 Rg8 25. Rb6 Qc7 26. Rxf6 Rg7 27. h4 Nc6 28.
c3 Nxa5 29. h5 Rf8 30. h6 Rg6 31. Rxg6 f5 32. Rg7 Qd6 33. exf5 Nc6 34. Qg4 Qf6
35. Be4 Qxh6 36. f6 Qxf6 37. Rxh7# 1-0

[Event "Titled Tue 26th Aug Early"]
[Site "chess.com INT"]
[Date "2025.08.26"]
[Round "8"]
[White "Silwal, Purushottam"]
[Black "Buchenau, Frank"]
[Result "1-0"]
[WhiteTitle "CM"]
[BlackTitle "FM"]
[WhiteElo "2129"]
[BlackElo "2205"]
[WhiteFideId "12332313"]
[BlackFideId "4604350"]
[EventDate "2025.08.26"]

1. e4 e6 2. d4 d5 3. Nc3 Nf6 4. e5 Nfd7 5. f4 c5 6. Nf3 Nc6 7. Be3 a6 8. Qd2 b5
9. a3 Qa5 10. Rd1 b4 11. axb4 Qxb4 12. Be2 Be7 13. O-O O-O 14. f5 cxd4 15. Nxd4
Ndxe5 16. fxe6 Bxe6 17. Nf3 Bc5 18. Bxc5 Qxc5+ 19. Kh1 Nc4 20. Bxc4 dxc4 21. Ne4
Qb4 22. Qg5 h6 23. Qh4 Qxb2 24. Nfg5 Rad8 25. Rxd8 Rxd8 26. Nxe6 fxe6 27. Qg4
Qe5 28. h4 Rd4 29. Rf4 Rd1+ 30. Kh2 Rf1 31. Nf6+ Kh8 32. Nh5 Rxf4 33. Nxf4 Nd4
34. g3 a5 35. Ng6+ 1-0

[Event "Titled Tue 26th Aug Early"]
[Site "chess.com INT"]
[Date "2025.08.26"]
[Round "8"]
[White "Ter-Sahakyan, Samvel"]
[Black "Zhigalko, Sergei"]
[Result "1-0"]
[WhiteTitle "GM"]
[BlackTitle "GM"]
[WhiteElo "2611"]
[BlackElo "2572"]
[WhiteFideId "13302531"]
[BlackFideId "13502956"]
[EventDate "2025.08.26"]

1. e4 c5 2. Nf3 Nc6 3. Bc4 Nf6 4. d3 e6 5. O-O a6 6. Re1 b5 7. Bb3 d6 8. c3 Bb7
9. d4 Be7 10. Bg5 O-O 11. Nbd2 cxd4 12. cxd4 Rc8 13. Rc1 h6 14. Bf4 Re8 15. h3
Nb4 16. Rxc8 Qxc8 17. Qe2 Qa8 18. a3 Nc6 19. Bc2 Bf8 20. e5 Nd5 21. Bg3 dxe5 22.
dxe5 Qd8 23. Ne4 Qb6 24. Nd6 Bxd6 25. exd6 Nd4 26. Nxd4 Qxd4 27. Rd1 Qb6 28. Be5
Rd8 29. Qg4 f6 30. Qxe6+ Kh8 31. Qf5 Kg8 32. Bg3 Qc6 33. Bb3 Rxd6 34. Bxd6 Qxd6
35. Bxd5+ Kf8 36. Bf3 Qxd1+ 37. Bxd1 1-0

[Event "Titled Tue 26th Aug Early"]
[Site "chess.com INT"]
[Date "2025.08.26"]
[Round "8"]
[White "Shangin, Lev"]
[Black "Vincenti, Leonardo"]
[Result "1-0"]
[BlackTitle "CM"]
[WhiteElo "2186"]
[BlackElo "2221"]
[WhiteFideId "55681085"]
[BlackFideId "28550820"]
[EventDate "2025.08.26"]

1. d4 Nf6 2. c4 g6 3. Nc3 Bg7 4. e4 d6 5. Nf3 O-O 6. Be2 Nbd7 7. O-O e5 8. Be3
Re8 9. Qc2 exd4 10. Nxd4 Nc5 11. f3 Ne6 12. Rad1 Nd7 13. Rfe1 Ndc5 14. Bf1 Nxd4
15. Bxd4 Ne6 16. Bxg7 Kxg7 17. Nd5 c6 18. Qc3+ f6 19. Ne3 Qe7 20. Kh1 Nc5 21. b4
Ne6 22. Nc2 Rd8 23. Nd4 Nxd4 24. Rxd4 Be6 25. Red1 c5 26. R4d2 Rd7 27. b5 b6 28.
a4 Bf7 29. a5 Rad8 30. g3 Be6 31. h4 h5 32. Kh2 Kh7 33. Bh3 Bxh3 34. Kxh3 Qe6+
35. Kg2 f5 36. exf5 Qxf5 37. Re1 Rf8 38. a6 d5 39. Re5 Qf6 40. cxd5 Rdf7 41. f4
Rd8 42. Qb2 Kg7 43. Rde2 Rfd7 44. Re7+ Rxe7 45. Rxe7+ Kg8 46. Qxf6 1-0

[Event "Titled Tue 26th Aug Early"]
[Site "chess.com INT"]
[Date "2025.08.26"]
[Round "8"]
[White "Shapiro, Daniel"]
[Black "Matveeva, Olga"]
[Result "0-1"]
[WhiteTitle "FM"]
[BlackTitle "WIM"]
[WhiteElo "2284"]
[BlackElo "2132"]
[WhiteFideId "2001780"]
[BlackFideId "24107018"]
[EventDate "2025.08.26"]

1. d4 d5 2. c4 e6 3. Nf3 Nf6 4. g3 Bb4+ 5. Bd2 Be7 6. Qc2 O-O 7. Bg2 Nbd7 8. O-O
c6 9. Rd1 b6 10. Bf4 Bb7 11. Nbd2 Rc8 12. Rac1 a5 13. e4 dxc4 14. Nxc4 b5 15.
Nce5 Qb6 16. Bg5 Rfd8 17. Be3 Qa6 18. Ng5 Nxe5 19. dxe5 Nd7 20. Nf3 c5 21. h4 c4
22. Bf4 Nc5 23. Ne1 Qa8 24. f3 Ba6 25. Kh2 b4 26. Bf1 Nd3 27. Nxd3 cxd3 28. Qf2
Rxc1 29. Bxc1 Rc8 30. Be3 Rc2 31. Rd2 Qc6 32. Qe1 Rc1 33. Qf2 Rc2 34. Qe1 b3 35.
axb3 Bb4 36. Qf2 Bxd2 37. Bxd2 Rxb2 38. Qe3 Qc2 39. Qb6 Qxd2+ 40. Kh3 Qh2+ 41.
Kg4 h5+ 42. Kxh5 Qxg3 43. Qxa6 Qg6# 0-1

[Event "Titled Tue 26th Aug Early"]
[Site "chess.com INT"]
[Date "2025.08.26"]
[Round "8"]
[White "Vasquez Schroeder, Rodrigo"]
[Black "Shevchenko, Yaroslav"]
[Result "1-0"]
[WhiteTitle "GM"]
[WhiteElo "2446"]
[BlackElo "2134"]
[WhiteFideId "3400042"]
[BlackFideId "34144684"]
[EventDate "2025.08.26"]

1. e4 c5 2. Nf3 e6 3. d4 cxd4 4. Nxd4 Nc6 5. Nb5 d6 6. c4 Nf6 7. N1c3 a6 8. Na3
Be7 9. Be2 O-O 10. O-O b6 11. Be3 Bb7 12. Rc1 Rc8 13. f3 Ne5 14. Qd2 Qc7 15.
Rfd1 Ned7 16. Kh1 Qb8 17. Bf1 Rfe8 18. Rc2 Qa8 19. Bf4 Ne5 20. Qf2 Rc6 21. Rcd2
Qb8 22. Be3 Ned7 23. h3 Rcc8 24. Bf4 Ne5 25. Qxb6 Nh5 26. Bh2 Red8 27. Qe3 Bh4
28. f4 Nc6 29. g4 Nf6 30. Bg2 e5 31. f5 h6 32. Qf3 Nd4 33. Qd3 Bc6 34. b3 Qb4
35. Nc2 Nxc2 36. Qxc2 a5 37. Bxe5 dxe5 38. Rxd8+ Rxd8 39. Rxd8+ Kh7 40. Rd1 Qc5
41. Qe2 Nd7 42. Nd5 Qd6 43. Ne3 Qe7 44. Nf1 Nc5 45. Nd2 Qb7 46. Kg1 Bg5 47. Nf3
Bf4 48. Nd2 a4 49. Rb1 axb3 50. Nxb3 Nxe4 51. Bxe4 Bxe4 52. Rf1 Bf3 53. Qxf3 1-0

[Event "Titled Tue 26th Aug Early"]
[Site "chess.com INT"]
[Date "2025.08.26"]
[Round "8"]
[White "Beznosov, Timofey"]
[Black "Rahman, Masruri"]
[Result "0-1"]
[WhiteTitle "CM"]
[BlackTitle "IM"]
[WhiteElo "2131"]
[BlackElo "2407"]
[WhiteFideId "34497951"]
[BlackFideId "7101163"]
[EventDate "2025.08.26"]

1. e4 e6 2. d4 d5 3. e5 c5 4. c3 Nc6 5. Nf3 Qb6 6. Be2 cxd4 7. cxd4 Nh6 8. Bxh6
Qxb2 9. Nbd2 gxh6 10. O-O Qa3 11. Rb1 Bg7 12. Qc2 O-O 13. Rfc1 f6 14. Bb5 Bd7
15. Nb3 Nb4 16. Qc5 b6 17. Qd6 Bxb5 18. Qxe6+ Kh8 19. Nh4 Bd3 20. Rc3 Bxb1 21.
Rg3 Qb2 22. Qe7 Bg6 23. h3 Nc6 24. Qd7 fxe5 25. Nxg6+ hxg6 26. Rxg6 Qxf2+ 27.
Kh1 Qf7 28. Qxc6 Qf1+ 29. Kh2 Qf4+ 30. Kh1 Rac8 31. Qd6 Rc1+ 32. Nxc1 Qxc1+ 33.
Kh2 Qf4+ 34. Kh1 exd4 35. Qxd5 Be5 36. g3 Qf1+ 37. Kh2 Rf2+ 0-1

[Event "Titled Tue 26th Aug Early"]
[Site "chess.com INT"]
[Date "2025.08.26"]
[Round "8"]
[White "Shearsby, Jude"]
[Black "Arnold, Rhys"]
[Result "1-0"]
[WhiteTitle "CM"]
[BlackTitle "FM"]
[WhiteElo "2270"]
[BlackElo "2269"]
[WhiteFideId "462527"]
[BlackFideId "1068849"]
[EventDate "2025.08.26"]

1. c3 e5 2. d4 exd4 3. cxd4 Nf6 4. Nc3 d5 5. Bf4 Bd6 6. Bg3 O-O 7. Nf3 Bxg3 8.
hxg3 h6 9. e3 Bf5 10. Bd3 Bxd3 11. Qxd3 Re8 12. Ne5 Nbd7 13. f4 c5 14. O-O-O b5
15. Qxb5 Rb8 16. Qa4 Qb6 17. Qc2 cxd4 18. exd4 Rec8 19. Kb1 Nxe5 20. fxe5 Ne4
21. Rd3 Qa5 22. Rc1 Nxc3+ 23. Rxc3 Rxc3 24. Qxc3 Qb5 25. Qc2 a5 26. Ka1 a4 27.
a3 h5 28. Rh1 Qb3 29. Qb1 Qxg3 30. Rxh5 g6 31. Rh1 Qxg2 32. Rg1 Qe4 33. Qd1 Rb3
34. Re1 Qg2 35. Qc1 Kg7 36. e6 fxe6 37. Qc7+ Kh6 38. Qc1+ Qg5 39. Rh1+ Kg7 40.
Qxg5 1-0

[Event "Titled Tue 26th Aug Early"]
[Site "chess.com INT"]
[Date "2025.08.26"]
[Round "8"]
[White "Amarasinghe, A A C B"]
[Black "Karwowski, Kacper"]
[Result "1-0"]
[WhiteTitle "CM"]
[BlackTitle "CM"]
[WhiteElo "1963"]
[BlackElo "2249"]
[WhiteFideId "9901809"]
[BlackFideId "1126032"]
[EventDate "2025.08.26"]

1. d4 Nf6 2. c4 c5 3. d5 e6 4. Nc3 exd5 5. cxd5 d6 6. Nf3 g6 7. g3 Bg7 8. Bg2
O-O 9. O-O Re8 10. Nd2 a6 11. a4 Nbd7 12. Nc4 Ne5 13. Na3 Bd7 14. a5 Qxa5 15.
Bf4 Nh5 16. Nc4 Qxa1 17. Qxa1 Nxc4 18. Bc1 b5 19. Ne4 f5 20. Ng5 Rxe2 21. Ne6
Bf6 22. Bf3 Rxb2 23. Bxh5 Bxe6 24. dxe6 gxh5 25. Bxb2 Bxb2 26. Qb1 Be5 27. Qxf5
Ra7 28. Qg5+ Kf8 29. Qd8+ Kg7 30. e7 Bf6 31. Qf8+ Kg6 32. e8=Q+ Kg5 33. h4+ Kf5
34. Qxh5+ Ke6 35. Re1+ Ne5 36. Qhe8+ Re7 37. Qc8+ Kd5 38. Qxf6 Rf7 39. Rxe5+
dxe5 1-0

[Event "Titled Tue 26th Aug Early"]
[Site "chess.com INT"]
[Date "2025.08.26"]
[Round "8"]
[White "Germanovs, Georgijs"]
[Black "Ibarra Jerez, Jose Carlos"]
[Result "0-1"]
[WhiteTitle "CM"]
[BlackTitle "GM"]
[WhiteElo "2260"]
[BlackElo "2545"]
[WhiteFideId "11609710"]
[BlackFideId "2226332"]
[EventDate "2025.08.26"]

1. Nf3 d6 2. e4 e5 3. Bc4 Be7 4. c3 Nf6 5. d4 O-O 6. Nbd2 Nbd7 7. O-O c6 8. Re1
h6 9. h3 Re8 10. Qb3 Rf8 11. dxe5 dxe5 12. Nf1 b5 13. Be2 Nxe4 14. Qc2 Nef6 15.
a4 bxa4 16. Rxa4 Nc5 17. Nxe5 Nxa4 18. Nxc6 Qc7 19. Nxe7+ Qxe7 20. Qxa4 Bd7 21.
Qh4 Rfe8 22. Bd2 Qe4 23. Qg3 Qg6 24. Qxg6 fxg6 25. Be3 a5 26. Bf3 Rab8 27. Ra1
a4 28. Ra2 g5 29. Bd1 Be6 30. Rxa4 Rxb2 31. Bd4 Rb1 32. Bc2 Rc1 33. Bd3 Nd5 34.
Ra7 Re7 35. Ra8+ Kf7 36. Kh2 Nf4 37. Ba6 Bd5 38. Ne3 Bxa8 39. Bc4+ Ke8 40. Nf5
Bxg2 41. Nxe7 Rh1+ 42. Kg3 Rxh3+ 43. Kg4 Kxe7 44. Bxg7 Be4 45. Be2 Rh4+ 46. Kg3
Nxe2# 0-1

[Event "Titled Tue 26th Aug Early"]
[Site "chess.com INT"]
[Date "2025.08.26"]
[Round "8"]
[White "Ocampos, Ian"]
[Black "Estrada Nieto, Julian"]
[Result "0-1"]
[BlackTitle "IM"]
[WhiteElo "2195"]
[BlackElo "2182"]
[WhiteFideId "117544"]
[BlackFideId "5101018"]
[EventDate "2025.08.26"]

1. e4 e5 2. Nf3 Nc6 3. Bc4 Bc5 4. b4 Bb6 5. c3 Nf6 6. Qb3 O-O 7. Ng5 Qe7 8. d3
d6 9. a4 a5 10. b5 Nd8 11. Ra2 h6 12. Nf3 Ne6 13. O-O Nc5 14. Qd1 c6 15. Be3 d5
16. exd5 cxd5 17. Bb3 Bg4 18. h3 Bh5 19. Bxc5 Qxc5 20. Nbd2 Qxc3 21. Qb1 Rfe8
22. Rc1 Qb4 23. Rb2 Qd6 24. Rbc2 e4 25. dxe4 Nxe4 26. Nxe4 dxe4 27. Nh2 e3 28.
fxe3 Bxe3+ 29. Kh1 Bxc1 30. Rxc1 Rad8 31. Qa2 Qd2 32. Qa1 Qf2 33. Rg1 Re2 34.
Qc1 Rde8 35. Qc7 Re1 36. Nf3 Bxf3 37. Qxf7+ Kh8 38. Rxe1 Rxe1+ 39. Kh2 Qxg2# 0-1

[Event "Titled Tue 26th Aug Early"]
[Site "chess.com INT"]
[Date "2025.08.26"]
[Round "8"]
[White "Kuznecova, Marija"]
[Black "Aghasiyev, Kamal"]
[Result "0-1"]
[WhiteTitle "WFM"]
[BlackTitle "IM"]
[WhiteElo "2207"]
[BlackElo "2441"]
[WhiteFideId "11618736"]
[BlackFideId "13402854"]
[EventDate "2025.08.26"]

1. e4 e5 2. Nf3 Nc6 3. d4 exd4 4. Nxd4 Bc5 5. Nb3 Bb6 6. Nc3 Nf6 7. Qe2 d6 8.
Be3 Be6 9. O-O-O Qe7 10. h3 O-O-O 11. Bxb6 axb6 12. g4 d5 13. Bg2 d4 14. Nb5
Bxb3 15. axb3 g5 16. Qf3 Kb8 17. Rhe1 h5 18. e5 Nd5 19. Nxd4 Nxd4 20. Rxd4 c6
21. gxh5 Nf4 22. Rxd8+ Qxd8 23. h4 Rxh5 24. Rd1 Qe7 25. Bf1 Rxh4 26. Qe3 Qc5 27.
Rd8+ Ka7 28. Qe4 b5 29. Qe1 b4 30. Rd7 Rh1 31. Rxf7 Qa5 32. Kd2 Qd5+ 33. Kc1
Qxf7 34. Qe3+ b6 35. Qe1 Qd5 36. Kb1 Qb5 0-1

[Event "Titled Tue 26th Aug Early"]
[Site "chess.com INT"]
[Date "2025.08.26"]
[Round "8"]
[White "Purygin, Andrei"]
[Black "Zampronha, Wladimir Camilo"]
[Result "0-1"]
[WhiteTitle "FM"]
[WhiteElo "2309"]
[BlackElo "2157"]
[WhiteFideId "24111180"]
[BlackFideId "2103087"]
[EventDate "2025.08.26"]

1. d4 Nf6 2. Nf3 e6 3. c4 Bb4+ 4. Bd2 Qe7 5. g3 O-O 6. Bg2 Bxd2+ 7. Nbxd2 d6 8.
O-O e5 9. dxe5 dxe5 10. Qc2 Bg4 11. h3 Bh5 12. Nh4 Nc6 13. Bxc6 bxc6 14. e4 Rfd8
15. Nf5 Qe6 16. b3 a5 17. g4 Bg6 18. Rfd1 h5 19. g5 Nd7 20. h4 Nc5 21. f3 Rd3
22. Kg2 Bxf5 23. exf5 Qxf5 24. Rf1 Qf4 25. Ne4 Rad8 26. Rad1 Rxd1 27. Rxd1 Rxd1
28. Qxd1 Nxe4 29. Qd8+ Kh7 30. fxe4 Qxe4+ 31. Kf1 Qf4+ 32. Ke1 Qxh4+ 33. Kd1
Qg4+ 34. Kc2 Qf5+ 35. Kb2 Kg6 36. Qxc7 Kxg5 37. Qxc6 h4 38. Qg2+ Kh6 39. Qd2+ g5
40. Qxa5 h3 41. Qb6+ Kh5 42. Qd8 Qf2+ 43. Ka3 h2 44. Qh8+ Kg4 45. Kb4 Qe1+ 46.
Kb5 h1=Q 47. Qc8+ f5 48. Qc5 Qee4 0-1

[Event "Titled Tue 26th Aug Early"]
[Site "chess.com INT"]
[Date "2025.08.26"]
[Round "8"]
[White "Atzl, Florian"]
[Black "Ng, Clive"]
[Result "1/2-1/2"]
[WhiteTitle "CM"]
[BlackTitle "FM"]
[WhiteElo "2146"]
[BlackElo "2006"]
[WhiteFideId "1635891"]
[BlackFideId "3214869"]
[EventDate "2025.08.26"]

1. e4 c5 2. Nf3 Nc6 3. d4 cxd4 4. Nxd4 Nf6 5. Nc3 e5 6. Ndb5 d6 7. Nd5 Nxd5 8.
exd5 Nb8 9. c4 Be7 10. Bd3 O-O 11. O-O a6 12. Nc3 f5 13. f3 Nd7 14. Be3 b6 15.
Rc1 a5 16. Nb5 Nc5 17. Bc2 Rf6 18. a3 Rg6 19. b4 Nb7 20. Qe1 Bg5 21. Kh1 Rh6 22.
Qd2 Bxe3 23. Qxe3 Qh4 24. Qg1 Bd7 25. g3 Qh3 26. Nc3 Rf8 27. Rf2 Rff6 28. Re2 g5
29. Qxb6 Qxg3 30. Rg2 Qxf3 31. Qxb7 Be8 32. Qe7 Rf8 33. Rg1 Rg6 34. Bd1 Qxc3 35.
Rxg5 Qd4 36. Rxg6+ Bxg6 37. Qxd6 Qe4+ 38. Rg2 Qe1+ 39. Rg1 Qe4+ 40. Rg2 Qe1+ 41.
Rg1 Qe4+ 1/2-1/2

[Event "Titled Tue 26th Aug Early"]
[Site "chess.com INT"]
[Date "2025.08.26"]
[Round "8"]
[White "Bodemar, Jonathan"]
[Black "Souleidis, Georgios"]
[Result "0-1"]
[WhiteTitle "CM"]
[BlackTitle "IM"]
[WhiteElo "2154"]
[BlackElo "2418"]
[WhiteFideId "6205488"]
[BlackFideId "4206827"]
[EventDate "2025.08.26"]

1. e4 c5 2. Nf3 Nc6 3. Nc3 e5 4. Bc4 h6 5. O-O g6 6. Nd5 Bg7 7. c3 Nge7 8. d3 d6
9. Re1 O-O 10. Be3 Kh7 11. d4 cxd4 12. cxd4 Bg4 13. dxe5 Nxe5 14. Be2 Bxf3 15.
Bxf3 Nxd5 16. exd5 b6 17. Be4 f5 18. Bc2 Rc8 19. Rc1 f4 20. Bd4 f3 21. g3 Qd7
22. Re3 Ng4 23. Re6 Rxc2 24. Rxc2 Ne5 25. Bxe5 Bxe5 26. Qc1 Rf7 27. Qe3 Qa4 28.
b3 Qg4 29. Qd3 Rg7 30. Rc8 h5 31. Rce8 h4 32. R8e7 hxg3 33. hxg3 Bxg3 34. Rxg7+
Kxg7 35. fxg3 Qxg3+ 36. Kf1 Qg2+ 37. Ke1 f2+ 38. Kd1 f1=Q+ 0-1

[Event "Titled Tue 26th Aug Early"]
[Site "chess.com INT"]
[Date "2025.08.26"]
[Round "8"]
[White "Gallasch, Jonas"]
[Black "Pavlidou, Ekaterini"]
[Result "0-1"]
[WhiteTitle "FM"]
[BlackTitle "WIM"]
[WhiteElo "2304"]
[BlackElo "2217"]
[WhiteFideId "16222474"]
[BlackFideId "4213262"]
[EventDate "2025.08.26"]

1. d4 Nf6 2. Nf3 c5 3. e3 g6 4. b3 Bg7 5. Bb2 b6 6. Nbd2 d6 7. Bd3 O-O 8. O-O
Bb7 9. c4 Nbd7 10. Rc1 Rc8 11. Qe2 e5 12. dxe5 dxe5 13. Nxe5 Ng4 14. Nxd7 Bxb2
15. Nxf8 Bxc1 16. Rxc1 Ne5 17. Be4 Bxe4 18. Nxe4 Qxf8 19. Rd1 Rd8 20. Rxd8 Qxd8
21. Qd2 Qh4 22. f3 f5 23. Nf2 Nf7 24. g3 Qf6 25. f4 Qa1+ 26. Kg2 h5 27. e4 Nh6
28. Qd8+ Kg7 29. e5 Ng4 30. Qd2 Qb1 31. h3 Nxf2 32. Qxf2 Qe4+ 33. Kh2 Kf7 34.
Qg2 Qe1 35. Qb7+ Kg8 36. Qc8+ Kh7 37. Qb7+ Kh6 38. Qg2 a5 39. Qf3 Qd2+ 40. Qg2
Qe1 41. Qc2 h4 0-1

[Event "Titled Tue 26th Aug Early"]
[Site "chess.com INT"]
[Date "2025.08.26"]
[Round "8"]
[White "Bulgak, Damir"]
[Black "Kaufman, David"]
[Result "0-1"]
[WhiteTitle "CM"]
[BlackTitle "IM"]
[WhiteElo "2254"]
[BlackElo "2447"]
[WhiteFideId "13528882"]
[BlackFideId "34220194"]
[EventDate "2025.08.26"]

1. e4 e5 2. Nf3 Nc6 3. d4 exd4 4. Nxd4 Bc5 5. Nb3 Bb6 6. Nc3 Qf6 7. Qe2 Nge7 8.
Be3 d6 9. O-O-O Bd7 10. f3 O-O-O 11. Bxb6 axb6 12. Qd2 Be6 13. Nd4 d5 14. Nxc6
bxc6 15. exd5 Nxd5 16. Ne4 Qe7 17. Bd3 Nb4 18. a3 Nxd3+ 19. cxd3 Rd4 20. Qc3 Qd7
21. g4 Rd8 22. Kc2 c5 23. Rd2 Qd5 24. Rhd1 h6 25. b3 g6 26. Rf1 f5 27. gxf5 gxf5
28. Ng3 Kb7 29. Re1 Bd7 30. Ne2 Rh4 31. Qf6 Be6 32. Qxh4 Qxb3+ 33. Kc1 Qxa3+ 34.
Rb2 Rxd3 35. Qf4 Bd5 36. Qxf5 Bxf3 0-1

[Event "Titled Tue 26th Aug Early"]
[Site "chess.com INT"]
[Date "2025.08.26"]
[Round "8"]
[White "Sharshenbekov, Emir"]
[Black "Srihari, L"]
[Result "0-1"]
[WhiteTitle "CM"]
[BlackTitle "IM"]
[WhiteElo "2175"]
[BlackElo "2368"]
[WhiteFideId "13810634"]
[BlackFideId "46642056"]
[EventDate "2025.08.26"]

1. e4 c6 2. d4 d5 3. exd5 cxd5 4. c4 Nf6 5. Nc3 Nc6 6. Nf3 a6 7. cxd5 Nxd5 8.
Bc4 e6 9. O-O Be7 10. Bxd5 exd5 11. Qb3 Be6 12. Ne2 O-O 13. Nf4 Na5 14. Qd1 Bf5
15. Re1 Bd6 16. Ne5 Be6 17. Nxe6 fxe6 18. Qg4 Rf5 19. Bd2 Bxe5 20. Rxe5 Rxe5 21.
dxe5 Nc6 22. Qxe6+ Kh8 23. Re1 d4 24. b3 Qc7 25. f4 Rd8 26. h3 d3 27. Qc4 Qb6+
28. Kh2 Qf2 29. Qc1 Nd4 30. Re3 Ne2 31. Qe1 Qxf4+ 32. Kh1 Qd4 33. e6 Re8 34. e7
Qc5 35. Qf2 Kg8 36. Qf3 Rxe7 37. Rxd3 Qg1# 0-1

[Event "Titled Tue 26th Aug Early"]
[Site "chess.com INT"]
[Date "2025.08.26"]
[Round "8"]
[White "Skliarov, Viktor"]
[Black "Aarav Sarbalia"]
[Result "1-0"]
[WhiteTitle "IM"]
[BlackTitle "FM"]
[WhiteElo "2334"]
[BlackElo "2232"]
[WhiteFideId "14106736"]
[BlackFideId "33382859"]
[EventDate "2025.08.26"]

1. e4 e5 2. Nc3 Nf6 3. Bc4 Nc6 4. d3 Be7 5. a3 O-O 6. Nge2 d6 7. h3 Be6 8. Nd5
Nb8 9. Ng3 c6 10. Nxe7+ Qxe7 11. Ba2 d5 12. O-O Nbd7 13. Qf3 h6 14. Nf5 Bxf5 15.
Qxf5 Rfe8 16. Be3 Nc5 17. exd5 cxd5 18. d4 Ncd7 19. dxe5 Qxe5 20. Qxe5 Nxe5 21.
Rad1 Nc4 22. Bd4 Ne4 23. Rfe1 Ng5 24. Kf1 Ne6 25. Bc3 Rad8 26. Rd3 b5 27. Red1
Nf4 28. Rg3 g6 29. Rf3 Ne6 30. Bf6 Rd7 31. g3 a5 32. Rfd3 Nc7 33. Bxc4 bxc4 34.
Rc3 Rb8 35. Rxc4 Rd6 36. Be5 dxc4 37. Rxd6 Ne6 38. Rxe6 Rb5 39. Re8+ Kh7 40.
Rh8# 1-0

[Event "Titled Tue 26th Aug Early"]
[Site "chess.com INT"]
[Date "2025.08.26"]
[Round "8"]
[White "Unsal, Gorkem"]
[Black "Terkiewicz, Bruno"]
[Result "0-1"]
[WhiteTitle "CM"]
[BlackTitle "CM"]
[WhiteElo "2145"]
[BlackElo "2128"]
[WhiteFideId "51607484"]
[BlackFideId "21093245"]
[EventDate "2025.08.26"]

1. e4 c5 2. Nf3 d6 3. Bb5+ Nd7 4. O-O a6 5. Bxd7+ Bxd7 6. d4 cxd4 7. Qxd4 Nf6 8.
c4 g6 9. Nc3 Bg7 10. Bg5 O-O 11. Rad1 Qa5 12. Qd2 Rfc8 13. Bxf6 Bxf6 14. Nd5
Qxd2 15. Nxf6+ exf6 16. Nxd2 Be6 17. b3 b5 18. Rc1 bxc4 19. bxc4 Ra7 20. f4 Rac7
21. Rc2 f5 22. exf5 Bxf5 23. Rb2 Bd3 24. Rd1 Bxc4 25. Nxc4 Rxc4 26. Rxd6 Rc1+
27. Kf2 R8c2+ 28. Rxc2 Rxc2+ 29. Kf3 Rxa2 30. h4 a5 31. g4 a4 32. g5 a3 33. h5
gxh5 34. f5 Ra1 35. Ra6 a2 36. Kg2 Kf8 37. f6 Ke8 38. Ra7 h4 39. Kh2 h3 40. Re7+
Kd8 41. Ra7 Kc8 42. Ra3 Kc7 43. Rc3+ Kd6 44. Ra3 Ke5 45. Ra4 Kf5 46. Ra5+ Kg6
47. Ra7 Kxg5 48. Rxf7 Rh1+ 49. Kxh1 a1=Q+ 50. Kh2 Qa2+ 51. Kxh3 Qxf7 52. Kg3
Qxf6 53. Kg2 h5 54. Kh2 h4 55. Kh1 Kg4 56. Kg1 Kg3 57. Kh1 h3 58. Kg1 Qf5 59.
Kh1 Qf3+ 60. Kg1 h2# 0-1

[Event "Titled Tue 26th Aug Early"]
[Site "chess.com INT"]
[Date "2025.08.26"]
[Round "8"]
[White "Lai, Duc Minh"]
[Black "Rabin, Evan"]
[Result "1-0"]
[WhiteElo "2121"]
[BlackElo "1945"]
[WhiteFideId "12420387"]
[BlackFideId "2028670"]
[EventDate "2025.08.26"]

1. e4 Nf6 2. e5 Nd5 3. d4 d6 4. Nf3 dxe5 5. Nxe5 g6 6. c4 Nf6 7. Nc3 Bg7 8. Be3
O-O 9. Be2 Nfd7 10. Nf3 c5 11. dxc5 Qa5 12. O-O Nxc5 13. Nd5 Nc6 14. Rb1 Ne4 15.
Bd3 Nd6 16. b4 Qd8 17. Bg5 h6 18. Bh4 Nf5 19. Bxf5 Bxf5 20. Rb3 g5 21. Bg3 e6
22. Ne3 Qxd1 23. Rxd1 Rfd8 24. Rxd8+ Rxd8 25. h4 g4 26. Nxf5 exf5 27. Ne1 Rd1
28. Kf1 Nd4 29. Rd3 Ra1 30. Rd2 Ne6 31. Bb8 Bc3 32. Re2 a6 33. f3 Nd4 34. Re8+
Kg7 35. Be5+ f6 36. Re7+ Kg6 37. h5+ Kxh5 38. Bxf6 gxf3 39. gxf3 Rxe1+ 40. Rxe1
Bxe1 41. Kxe1 Nxf3+ 42. Kf2 Nd2 43. Ke3 Nxc4+ 44. Kf4 Kg6 45. Bc3 h5 46. Be1 Nb6
47. Ke5 Nd5 48. Kxd5 f4 49. Ke4 Kg5 50. Kf3 Kf5 51. Bh4 Ke5 52. Be7 Kd5 53. Kxf4
Kc4 54. a4 a5 55. bxa5 Kb3 56. Kg5 Kxa4 57. Bd8 Kb5 58. Kxh5 Ka6 59. Bb6 Kb5 60.
Kg6 Kc6 61. Kf6 Kd7 62. Ba7 Kc8 63. Ke6 Kc7 64. Kd5 Kc8 65. Kc5 Kc7 66. Kb5 Kc8
67. Kb6 Kd7 68. Kxb7 1-0